Global stakes : The future of high technology in America

Sparad:
Bibliografiska uppgifter
Huvudupphovsman: Botkin, James
Materialtyp: Bok
Språk:Undetermined
Publicerad: Cambridge Ballinger Publishing Company 1982
Ämnen:
Taggar: Lägg till en tagg
Inga taggar, Lägg till första taggen!
Thư viện lưu trữ: Trung tâm Học liệu Trường Đại học Cần Thơ
LEADER 00583nam a2200205Ia 4500
001 CTU_77690
008 210402s9999 xx 000 0 und d
082 |a 338.4 
082 |b B749 
100 |a Botkin, James 
245 0 |a Global stakes : 
245 4 |b The future of high technology in America 
245 0 |c James Botkin 
260 |a Cambridge 
260 |b Ballinger Publishing Company 
260 |c 1982 
650 |a High technology,Technical education 
650 |x Government policy 
650 |z United States 
980 |a Trung tâm Học liệu Trường Đại học Cần Thơ